000 00401nam a2200181Ia 4500
008 210210b1929 xxu||||| |||| 00| 0 eng d
041 _aeng
082 _a829/534
100 _aHARDY (T)
245 _aPair of blue eyes
260 _aLondon
_bMacmillan & Co. Ltd.
_c1929
650 _aPair
650 _aof
650 _aeyes
650 _ablue
690 _aEnglish Fiction
906 _a017134
999 _c137092
_d137092